Hari depan ilmu kesehatan anak di Indonesia. (Record no. 89543)

MARC details
000 -LEADER
fixed length control field 00815cam a22002531i 4500
001 - CONTROL NUMBER
control field sa 68020656
003 - CONTROL NUMBER IDENTIFIER
control field DLC
005 - DATE AND TIME OF LATEST TRANSACTION
control field 20260227112726.0
008 - FIXED-LENGTH DATA ELEMENTS--GENERAL INFORMATION
fixed length control field 830526s1963 io a b 000 0 ind
010 ## - LIBRARY OF CONGRESS CONTROL NUMBER
LC control number sa 68020656
035 ## - SYSTEM CONTROL NUMBER
System control number (OCoLC)9548497
040 ## - CATALOGING SOURCE
Original cataloging agency DLC
Transcribing agency OAU
Modifying agency DLC
042 ## - AUTHENTICATION CODE
Authentication code premarc
050 00 - LIBRARY OF CONGRESS CALL NUMBER
Classification number RA541.I55
Item number S97
100 1# - MAIN ENTRY--PERSONAL NAME
Personal name Sutedjo,
Dates associated with a name 1914-
245 10 - TITLE STATEMENT
Title Hari depan ilmu kesehatan anak di Indonesia.
260 ## - PUBLICATION, DISTRIBUTION, ETC.
Place of publication, distribution, etc. [Djakarta ;
Date of publication, distribution, etc. 1963?]
300 ## - PHYSICAL DESCRIPTION
Extent 51 p. :
Other physical details ill.
Dimensions 23 cm.
500 ## - GENERAL NOTE
General note "Pidato pengukuhan diutjapkan pada penerimaan djabatan gurubesar biasa dalam ilmu kesehatan anak, Fakultas Kedokteran Indonesia."
500 ## - GENERAL NOTE
General note The author's works: p. 46-48.
504 ## - BIBLIOGRAPHY, ETC. NOTE
Bibliography, etc. note Bibliography : p. 41-45.
650 #0 - SUBJECT ADDED ENTRY--TOPICAL TERM
Topical term or geographic name entry element Public health
Geographic subdivision Indonesia.
650 #0 - SUBJECT ADDED ENTRY--TOPICAL TERM
Topical term or geographic name entry element Child health services
Geographic subdivision Indonesia.

No items available.

Powered by Koha